MLB Unassisted Triple Plays - Statistics

General Stats
  • This quiz has been taken 7 times
  • The average score is 3 of 15
Answer Stats
Year Position Team Player % Correct
2008 2B Indians Asdrubal Cabrera
57%
2003 SS Braves Rafael Furcal
57%
2007 SS Rockies Troy Tulowitzki
57%
1920 2B Indians Bill Wambsganss
14%
2009 2B Phillies Eric Bruntlett
14%
1923 1B Red Sox George Burns
14%
1927 1B Tigers Johnny Neun
14%
1994 SS Red Sox John Valentin
14%
1992 2B Phillies Mickey Morandini
14%
1909 SS Naps (Indians) Neal Ball
14%
2000 2B A's Randy Velarde
14%
1923 SS Braves (Boston) Ernie Padgett
0%
1925 SS Pirates Glenn Wright
0%
1927 SS Cubs Jimmy Cooney
0%
1968 SS Senators (Washington) Ron Hansen
0%
No matching quizzes found
Score Distribution
Percent of People with Each Score
Percentile by Number Answered
Your Score History
You have not taken this quiz